000 00463nam a2200181 4500
003 SEACOMEC
005 20240629122011.0
008 240404b |||||||| |||| 00| 0 eng d
020 _cRs.160.00
040 _aSEACOMEC
082 _a005.133
_bR161
100 _aRajaram,R.
245 _aC programming made easy with graphics and application/
_cR. Rajaram
250 _a2nd ed.
260 _aChennai
_bScitech
_c2003
650 _aComputer science,
942 _cBOOK
999 _c853
_d853